| 000 | 02224nam0a2200349 4500 | ||
|---|---|---|---|
| 001 | RU\NLR\bibl\945351 | ||
| 005 | 20260407140429.0 | ||
| 010 |
_a5-230-20228-9 _9150 |
||
| 021 |
_aRU _b2006-21374 _91069 |
||
| 035 | _a(NLR Aleph) 000933493 | ||
| 090 |
_a174726 _c174726 |
||
| 100 | _a20060506d2005 |||y0rusy50 ca | ||
| 101 | 0 | _arus | |
| 102 | _aRU | ||
| 105 | _aa ||||||||| | ||
| 200 | 1 |
_aМатериалы научной конференции "Монголы в глобальном мире. Социально-экономические и экологические проблемы", 17-21 мая 2005 г. _fМеждунар. конгр. Азия в Европе: взаимодействие цивилизаций |
|
| 210 |
_aЭлиста _cИзд-во Калмыцкого университета _d2005 |
||
| 215 |
_a315 с. _cил. _d21 |
||
| 300 | _aЗагл. обл.: Монголы в глобальном мире... | ||
| 300 | _aВ надзаг.: М-во образования и науки Рос. Федерации, Федер. агентство по образованию, Правительство Респ. Калмыкия, Калм. гос. ун-т | ||
| 320 | _aБиблиогр. в конце ст. | ||
| 606 | 1 |
_aСельское хозяйство _jСъезды, совещания и т.п. _yКалмыкия, Республика _92429617 _3RU\NLR\auth\661446248 |
|
| 607 |
_aКалмыкия, Республика _jСъезды, совещания и т.п. _xНародное хозяйство _92429316 _3RU\NLR\auth\661446094 |
||
| 686 | _aП9(2Р37-6Ка)я431 | ||
| 686 | _aУ03(2Р-6Ка)74я431 | ||
| 710 | 1 | 2 |
_4070 _a"Монголы в глобальном мире. Социально-экономические и экологические проблемы", научная конференция _f2005 _eЭлиста _3RU\NLR\AUTH\8810083196 _9668532 |
| 712 | 1 | 2 |
_4570 _a"Азия в Европе: взаимодействие цивилизаций", международный конгресс _f2005 _eЭлиста _3RU\NLR\AUTH\8810079846 _9661830 |
| 801 | 0 |
_aRU _bNLR _c20060506 _grcr |
|
| 801 | 1 |
_aRU _bNLR _c20060506 |
|
| 942 | _cBOOK | ||
| 980 | _aNB | ||